Cities of Westchester County on the Map - Statistics

General Stats
  • This quiz has been taken 718 times
  • The average score is 27 of 45
Answers on the Map
Answers color-coded by a green-red scale on the quiz's map according to % correct below.
 
Answer Stats
Type Pop. Municipality % Correct
City 212 k Yonkers
93%
City 24.3 k White Plains
89%
City 79.7 k New Rochelle
88%
City 15.7 k Rye
84%
Town 46.9 k Rye
84%
Town 17.9 k Scarsdale
80%
City 74.9 k Mount Vernon
79%
Town 29.9 k Mamaroneck
75%
Village 19.1 k Mamaroneck
75%
Village 12.0 k Tarrytown
74%
Town 33.0 k Eastchester
68%
Town 28.2 k Harrison
67%
Town 12.6 k Pelham
66%
Village 6.9 k Pelham
66%
Village 6.7 k Bronxville
65%
Village 29.2 k Port Chester
65%
Village 6.1 k Larchmont
63%
Town 40.1 k Ossining
62%
Village 24.8 k Ossining
62%
City 23.6 k Peekskill
62%
Village 10.0 k Sleepy Hollow
62%
Village 8.6 k Hastings-on-Hudson
61%
Village 8.1 k Croton-on-Hudson
60%
Town 17.9 k Bedford
59%
Village 11.0 k Dobbs Ferry
59%
Village 4.5 k Ardsley
58%
Town 10.8 k Mount Kisco
57%
Town 44.4 k Mount Pleasant
56%
Town 37.0 k Yorktown
56%
Village 6.5 k Irvington
55%
Village 9.5 k Rye Brook
54%
Village 6.5 k Tuckahoe
53%
Town 92.3 k Greenburgh
49%
Town 21.3 k Somers
49%
Village 5.2 k Elmsford
47%
Town 5.2 k Pound Ridge
46%
Village 7.3 k Pleasantville
45%
Town 5.2 k North Salem
44%
Town 42.8 k Cortlandt
43%
Village 5.5 k Pelham Manor
42%
Town 18.1 k New Castle
41%
Village 8.1 k Briarcliff Manor
39%
Town 12.8 k Lewisboro
38%
Town 12.3 k North Castle
37%
Village 2.2 k Buchanan
35%
No matching quizzes found
Score Distribution
Percent of People with Each Score
Percentile by Number Answered
Your Score History
You have not taken this quiz